Waste Management Strategies For North Maharashtra University Jalgoan (Record no. 363367)

MARC details
000 -LEADER
fixed length control field 00370nam a2200121Ia 4500
008 - FIXED-LENGTH DATA ELEMENTS--GENERAL INFORMATION
fixed length control field 250110s9999 xx 000 0 und d
041 ## - LANGUAGE CODE
Language code of text/sound track or separate title eng
100 ## - MAIN ENTRY--PERSONAL NAME
Personal name Patil Madhuri
9 (RLIN) 182502
245 ## - TITLE STATEMENT
Title Waste Management Strategies For North Maharashtra University Jalgoan
260 ## - PUBLICATION, DISTRIBUTION, ETC. (IMPRINT)
Name of publisher, distributor, etc. M.Arch Environmental, Pune
Date of publication, distribution, etc. 2013
300 ## - PHYSICAL DESCRIPTION
Extent 70p
700 ## - ADDED ENTRY--PERSONAL NAME
Personal name Guide Name:Nawale Rahul
9 (RLIN) 210175
Holdings
Withdrawn status Lost status Damaged status Not for loan Home library Current library Date acquired Total Checkouts Barcode Date last seen Bill Date Koha item type Original Barcode
        Dr. Bhanuben Nanavati College of Architecture Dr. Bhanuben Nanavati College of Architecture 10/06/2013   BNCA-PR-867 10/01/2025 10/01/2025 Project Reports PR0867